000 01233nam a22003614i 4500
999 _c63654
_d63654
001 768714001
003 CO-MdFUSB
005 20200413151712.0
007 cr cn|||||||||
008 201205t2012 sp ||||gs|||||||||||spa d
020 _a9788498792737
_qelectrónico
040 _aCO-MdFUSBC
_bspa.
_cCO-MdFUSB
_dCO-MdFUSBC
_erda
041 _aspa
082 0 4 _a223.107
_222
100 1 _aTrebolle Barrera, Julio.
_eautor
245 1 0 _aJob
_c/ Julio Trebolle , Susana Pottecher.
_h[recurso electrónico]
264 1 _aEspaña :
_bTrotta,
_c[2012]
264 4 _c© 2012
300 _arecurso en línea (254 páginas)
_c;
336 _2rdacontent
_atexto
_btxt
337 _2rdamedia
_ainformático
_bc
338 _2rdacarrier
_aremoto
_bcr
347 _2rda
_afichero de texto
_bHtml
490 0 _aEstructuras y procesos
516 _aTexto electrónico
538 _aAcceso a Internet; requiere usuario y clave asignada por la biblioteca
630 0 7 _aBiblia.
_pJob
700 1 _aPottecher, Susana,
_eautor
856 4 0 _uhttp://site.ebrary.com/lib/unisbcsp/Doc?id=10559936
_b10559936
_zAbrir Versión electrónica del libro Job
942 _cBK
945 _aJTF-925